Les Grandes Dates de L'Histoire de France (Partie 1). - Statistiques

Statistiques générales
  • Ce quiz a été pris 90 fois
  • Le résultat moyen est 14 sur 64
Statistiques - réponses
Question Réponse % Correct
Bataille d'Alésia -52
91%
Charlemagne est fait Empereur d'Occident par le Pape Léon III,en la Basilique Saint-Pierre de Rome. 800
67%
François Ier monte sur le trône de France,âgé de vingt ans. Victoire de Marignan. 1515
53%
Baptême de Clovis (Les deux dates sont acceptées). 496 / 498
52%
Début du Règne de son arrière-petit-fils,Clovis,unificateur du Royaume Franc. 481
49%
Bataille de Tolbiac 496
43%
Mort de Clovis 511
43%
Bataille de Soissons 486
41%
Bataille de Poitiers,remportée par ce dernier,mettant fin à la progression musulmane en territoire Franc. 732
40%
Bataille décisive de Castillon 1453
37%
Défaite d'Azincourt 1415
36%
Bataille de Vouillé contre les Wisigoths. 507
35%
Siège d'Orléans 1429
33%
Mariage de Clovis avec Clotilde,Princesse Burgonde. 493
33%
Début de la Première Croisade,lancée par le Pape Urbain II. 1096
31%
Bataille de Bouvines,la plus célèbre de notre Histoire,remportée par Philippe Auguste contre le Roi d'Angleterre Jean Sans Terre,et l'Empereur Germanique Otton IV. 1214
31%
Clovis fait de Paris la capitale du Royaume Franc. 501
31%
Naissance de Jeanne d'Arc,surnommée la Pucelle d'Orléans,à Domrémy-la-Pucelle. 1412
28%
Sacre d'Hugues Capet,fondateur de la Dynastie Capétienne,qui durera près de 8 siècles. 987
28%
Mort du dernier Roi de la Dynastie Capétienne en ligne directe,Charles IV,son cousin Philippe de Valois lui succède. 1328
25%
Défaite de Pavie,où François Ier est fait prisonnier. 1525
25%
Mort de Saint-Louis à Tunis,lors de la Huitième Croisade,la dernière de ce nom. 1270
23%
Début du Règne de Saint-Louis,la régence est assurée par sa mère. 1226
22%
Artiste italien qui meurt au Château du Clos Lucé. (L'artiste est Léonard de Vinci) :) 1519
22%
Traité de Verdun,partageant l'Empire Carolingien en trois. 843
22%
Mort accidentelle de Charles VIII,alors qu'il revenait d'une partie de jeu de paume. 1498
20%
Défaite de Poitiers 1356
19%
Bataille de Formigny 1450
19%
Sacre de Pépin le Bref,premier Roi de la dynastie carolingienne en la Basilique de Saint-Denis. 754
19%
Philippe Auguste monte sur le Trône de France. 1180
17%
Défaite de Crécy,pendant la Guerre de Cent Ans. 1346
17%
Défaite de Charlemagne au Col de Roncevaux. 778
17%
Divorce de Louis VII et d'Aliénor d'Aquitaine. 1152
16%
Mort de Charles VII 1461
16%
Camp du Drap d'Or, rencontre entre François Ier et le Roi d'Angleterre Henri VIII. 1520
16%
Son fils cadet,Clotaire Ier devient le maître de l'Occident cette année-là. 558
16%
Prise de Saint-Jean d'Acre par Philippe Auguste et Richard Cœur de Lion,lors de la Troisième Croisade. 1191
15%
Victoire de Taillebourg,face au Roi d'Angleterre Henri III. 1242
15%
Traité de Saint-Clair-sur-Epte,qui donne aux Vikings le Duché de Normandie. 911
15%
Sacre de Louis VII,dit «le Pieux». 1137
14%
Mariage de Louis IX avec Marguerite de Provence. 1234
14%
Première Assemblée des États Généraux,créés par Philippe le Bel. 1302
14%
Début du Règne de Charles V le Sage. 1364
14%
Début du Règne de son petit-fils,Dagobert Ier. 629
14%
Siège de Paris par les Vikings,qui sont repoussés grâce au Comte de Paris,Eudes. 885
14%
Assassinat de Louis d'Orléans,unique frère de Charles VI,commandité par Jean Sans Peur,son cousin. 1407
12%
Traité de Picquigny,mettant officiellement un terme à la Guerre de Cent Ans. 1475
12%
Début de la Deuxième Croisade,prêchée par l'abbé Bernard de Clairvaux à Vézelay. 1146
11%
Victoire française à la Rochelle,au cours de laquelle une flotte anglaise est coulée. 1372
11%
Première Crise de Folie de Charles VI,dans la Forêt du Mans. 1392
11%
Assassinat de Sigebert Ier,fils de Clotaire,commandité par son propre frère,Chilpéric Ier. 575
11%
Saint-Louis s'embarque pour la Septième Croisade, partant du Port d'Aigues-Mortes. 1247
10%
Mariage du fils cadet de François Ier,Henri II,avec Catherine de Médicis. 1533
10%
Naissance de Charles Martel,Maire du Palais d'Austrasie. 687
10%
Traité de Paris,scellant la Paix avec le Royaume d'Angleterre. 1259
9%
Ligue du Bien Public contre Louis XI. 1465
9%
Charles VIII épouse officiellement Anne de Bretagne au Château de Langeais. 1491
9%
États Généraux où Louis XII fut proclamé «Père du Peuple». 1506
9%
Début du Règne du Premier Roi connu des Francs saliens,Clodion le Chevelu. 428
9%
Assassinat de Chilpéric Ier,poignardé par un de ses serviteurs. 584
9%
Saint-Louis achète la Couronne d'Épines à l'Empereur byzantin Baudouin II. 1238
7%
Mort de Charles le Téméraire,au siège de Nancy. 1477
7%
États Généraux de Tours,où Anne de Beaujeu,fille aînée de Louis XI,est proclamée régente jusqu'à la majorité de son frère,Charles VIII. 1484
7%
Ère des Rois «Fainéants». 639-751
7%
Aucun quiz correspondant
Distribution des résultats
% des personnes avec chaque résultat
Percentile par nombre de réponses
Votre historique - résultats
Vous n’avez pas pris ce quiz